|
|
|
|
| LEADER |
00000cam a22000004a 4500 |
| 001 |
musev2_85612 |
| 003 |
MdBmJHUP |
| 005 |
20230905052807.0 |
| 006 |
m o d |
| 007 |
cr||||||||nn|n |
| 008 |
210828s2021 cc o 00 0 eng d |
| 020 |
|
|
|a 9789882378711
|
| 020 |
|
|
|z 9789882372085
|
| 035 |
|
|
|a (OCoLC)1265465632
|
| 040 |
|
|
|a MdBmJHUP
|c MdBmJHUP
|
| 100 |
1 |
|
|a Barker, Kathleen E.
|
| 245 |
1 |
0 |
|a Change and Continuity :
|b A History of St. Stephen's Girls' College, Hong Kong, 1906-1996
|
| 264 |
|
1 |
|a Hong Kong :
|b The Chinese University of Hong Kong Press,
|c 2021.
|
| 264 |
|
3 |
|a Baltimore, Md. :
|b Project MUSE,
|c 2021
|
| 264 |
|
4 |
|c ©2021.
|
| 300 |
|
|
|a 1 online resource (428 pages).
|
| 336 |
|
|
|a text
|b txt
|2 rdacontent
|
| 337 |
|
|
|a computer
|b c
|2 rdamedia
|
| 338 |
|
|
|a online resource
|b cr
|2 rdacarrier
|
| 500 |
|
|
|a Description based upon print version of record.
|
| 505 |
0 |
|
|a Half title page -- Full title page -- Copyright -- Contents -- List of Illustrations -- Foreword -- Preface -- Acknowledgements -- 1. Early Years: 1905-1911 -- 2. A Time of Transition: 1911-1922 -- 3. Our Own Buildings: 1922-1927 -- 4. A Place in the Community: 1927-1941 -- 5. The Doors Close and the Doors Open: 1941-1949 -- 6. A New Vision: 1949-1961 -- 7. Within the Public Sector: 1961-1979 -- 8. Future Change and Present Reality: 1979-1991 -- 9. Today and Tomorrow: 1991-1996 -- Appendices -- Notes -- Glossary of Chinese Terms -- Glossary of Chinese Names -- Bibliography -- Index
|
| 588 |
|
|
|a Description based on print version record.
|
| 610 |
2 |
7 |
|a St. Stephen's Girls' College.
|2 fast
|0 (OCoLC)fst00762293
|
| 610 |
2 |
0 |
|a St. Stephen's Girls' College.
|
| 650 |
|
7 |
|a High schools.
|2 fast
|0 (OCoLC)fst00956288
|
| 650 |
|
6 |
|a Écoles secondaires
|z Chine
|z Hongkong.
|
| 650 |
|
0 |
|a High schools
|z China
|z Hong Kong.
|
| 651 |
|
7 |
|a China
|z Hong Kong.
|2 fast
|0 (OCoLC)fst01260796
|
| 655 |
|
7 |
|a Electronic books.
|2 local
|
| 710 |
2 |
|
|a Project Muse.
|e distributor
|
| 830 |
|
0 |
|a Book collections on Project MUSE.
|
| 856 |
4 |
0 |
|z Texto completo
|u https://projectmuse.uam.elogim.com/book/85612/
|
| 945 |
|
|
|a Project MUSE - Custom Collection
|